000 00680nam a2200229 a 4500
008
020 _a8185273200 (pbk.)
049 _aMAIN
090 _aZ711RAN
100 1 _aRanganathan, S. R.
245 1 0 _aReference service /
_cby S. R. Ranganathan.
250 _a2nd ed.
260 _aBangalore:
_bSarada Ranganathan endowment for Library Science,
_c1961
300 _a432 p. ;
_c22 cm.
440 _a Ranganathan series in library science;
_vno. 8.
650 0 _aReference services (Libraries).
907 _a.b10107149
_b23-04-12
_c21-01-04
003
005 20230123133606.0
040 _cNUST
942 _cBOOKS
_kZ711RAN
999 _c151245
_d151245